Alle 27 offiziellen deutschen Hansestädte - Statistiken

Allgemein
  • Dieses Quiz wurde 377 mal gespielt
  • Das Durchschnittsergebnis liegt bei 7 aus 27
Antwortstatistiken
Zeitpunkt der Ernennung Antwort % Korrekt
1669 als Erbe der Hansen Hamburg
99%
1669 als Erbe der Hansen Bremen
96%
1669 als Erbe der Hansen Lübeck
89%
1990 Rostock
87%
1990 Stralsund
51%
1990 Greifswald
48%
18. Januar 1990 Wismar
48%
5. Oktober 2007 Lüneburg
28%
29. April 2009 Stade
19%
28. April 2014 Buxtehude
15%
1. Januar 2010 Stendal
11%
9. Januar 2016 Uelzen
9%
1990 Anklam
8%
18. Juni 2013 Korbach
8%
1. April 2008 Salzwedel
7%
21. Januar 1994 Demmin
6%
8. Juli 2013 Herford
6%
19. März 2012 Warburg
4%
19. März 2012 Attendorn
3%
1. Juni 2008 Havelberg
3%
24. Juli 2012 Medebach
3%
1. Juni 2008 Osterburg
3%
1. November 2008 Seehausen
3%
1. Juni 2008 Werben
3%
19. März 2012 Wipperfürth
3%
24. Juli 2012 Breckerfeld
2%
28. Mai 2008 Gardelegen
2%
Keine übereinstimmenden Quizze gefunden
Verteilung der Resultate
Anzahl Personen mit jedem Resultat
Perzentil nach korrekt beantworteten Fragen
Ihre Resultats-Entwicklung
Sie haben dieses Quiz noch nicht gespielt